Largest Cities by German State - Statistics

General Stats
  • This quiz has been taken 80 times
  • The average score is 29 of 43
Answer Stats
State Population Answer % Correct
North Rhine-Westphalia 1,024,408 Cologne
100%
Berlin 3,662,381 Berlin
99%
Bremen 584,332 Bremen
99%
Hesse 749,596 Frankfurt
99%
Hamburg 1,851,596 Hamburg
99%
Bavaria 1,488,719 Munich
97%
Baden-Wurttemberg 613,111 Stuttgart
94%
North Rhine-Westphalia 601,343 Dortmund
91%
Saxony 563,019 Dresden
91%
North Rhine-Westphalia 616,319 Dusseldorf
91%
Saxony 608,013 Leipzig
91%
Lower Saxony 520,290 Hanover
89%
Schleswig-Holstein 251,751 Kiel
89%
Bavaria 526,606 Nuremberg
89%
Saarland 181,982 Saarbrucken
84%
Baden-Wurttemberg 316,256 Mannheim
77%
Brandenburg 184,290 Potsdam
77%
Mecklenburg-Vorpommern 204,948 Rostock
76%
Bavaria 298,972 Augsburg
74%
Rhineland-Palatinate 223,871 Mainz
74%
Bremen 118,323 Bremerhaven
69%
Saxony-Anhalt 242,491 Magdeburg
69%
Schleswig-Holstein 217,061 Lubeck
67%
Thuringia 219,549 Erfurt
66%
Saxony 245,150 Chemnitz
61%
Baden-Wurttemberg 308,197 Karlsruhe
60%
Lower Saxony 253,527 Brunswick
57%
Saxony-Anhalt 227,639 Halle
56%
Thuringia 110,076 Jena
54%
Hesse 197,065 Kassel
53%
Hesse 287,241 Wiesbaden
53%
Brandenburg 73,939 Brandenburg an der Havel
49%
Schleswig-Holstein 96,431 Flensburg
49%
Mecklenburg-Vorpommern 97,850 Schwerin
49%
Brandenburg 94,778 Cottbus
46%
Rhineland-Palatinate 113,346 Koblenz
46%
Lower Saxony 176,242 Oldenburg
44%
Thuringia 95,695 Gera
33%
Rhineland-Palatinate 175,816 Ludwigshafen
29%
Mecklenburg-Vorpommern 60,908 Neubrandenburg
29%
Saxony-Anhalt 76,062 Dessau-Roßlau
21%
Saarland 47,546 Neunkirchen
19%
Saarland 43,360 Homburg
17%
No matching quizzes found
Score Distribution
Percent of People with Each Score
Percentile by Number Answered
Your Score History
You have not taken this quiz